000 00645nam a2200241Ia 4500
003 OSt
005 20220912151717.0
006 a|||||r|||| 00| 0
007 ta
008 220909b |||||||| |||| 00| 0 eng d
024 _a22444
037 _cTextual
040 _aCSL
_beng
_cCSL
041 _aeng
082 _aYjN05, L7
100 _aNayar P K B Ed.
245 0 _aPerspectives in sociology
260 _aKerala
_bkerala Sociological Society
_c1977
300 _a240p.
_ccm.
700 _a Katt Akayam John Ed.
942 _hYjN05, L7
_cTEXL
_2CC
999 _c73814
_d73814